01906nam a2200397 i 4500001001000000003000900010005001700019007000300036008004100039020001500080040003000095082003000125100003700155245008700192250001900279264003900298300004400337336002800381337003300409338002800442490004000470590002700510650003200537650006700569651004500636651005400681700003100735910003700766942001400803952013600817952013600953952013601089952013001225952013601355999001701491000025185DO-SdBNP20250621074007.0ta081127s2009 dr a 000 0 spa d a999341011X aDO-SdBNPbspacBNPHUerda 4a923.77293bU75C, 20092221 aCassá, Roberto, d1948-91088810aSalomé Ureña :bmujer total /cRoberto Cassá ; ilustraciones Ramiro Manzano. a3a. edición  aSanto Domingo :bTobogán,c2009. a64 páginas :bilustraciones ;c21 cm. 2rdacontent atextobtxt 2rdamediaasin mediaciónbn 2rdacarrieravolumenbnc0 aBiografías dominicanas Tobogán  aInventariado, 2018/ YL 4a Literatura dominicana9416 4aPersonal docentezRepública DominicanavBiografías 917427 4aRepública DominicanaxBiografias91325 0aRepública DominicanaxPolítica y gobierno9451 aManzano, Ramiro,eil.9768 aValidado. Control de calidad MFF 2ddccLBS1 00102ddc56708DSaBNPHUbBNPHUcHDd2018-03-21iLF1oBNPHU DS 923.77293 U75c 2009p25185-30r2020-06-25te. 3w2020-06-25yLBS1 00102ddc56708DSaBNPHUbBNPHUcHDd2018-03-21iLF1oBNPHU DS 923.77293 U75c 2009p25185-40r2020-06-25te. 4w2020-06-25yLBS1 00102ddc56708DSaBNPHUbBNPHUcHDd2018-03-21iLF1oBNPHU DS 923.77293 U75c 2009p25185-50r2020-06-25te. 5w2020-06-25yLBS1 00102ddc51708PDaBNPHUbBNPHUcHDd2011-02-11iLF1oBNPHU PD 923.77293 U75c 2009p25185-10r2020-06-25w2020-06-25yLBS1 00102ddc51708PDaBNPHUbBNPHUcHDd2018-03-21iLF1oBNPHU PD 923.77293 U75c 2009p25185-20r2020-06-25te. 2w2020-06-25yLBS1 c24678d24678